000 01025nam a2200313 4500
003 EG-GICUC
005 20260203141026.0
008 260203s1992 -us||||fr|||| 001 0 eng d
040 _aEG-GiCUC
_beng
_cEG-GiCUC
_dEG-GiCUC
_erda
041 _aeng
082 0 4 _221
_a341.23
_bUN . B
092 0 4 _221
099 _aLaw1 11 341.23 UN . B 1992
110 2 _aUnited Nations,
_boffice of public information.
245 1 0 _aBasic facts about the United Nations /
_cUnited Nations;office of public information.
264 1 _aNew York :
_bUnited Nations,
_c1992.
300 _a291 pages,
_c24 cm.
_billustrations,
336 _2rda content
_atext
337 _2rda media
_aComputer
338 _2rda carrier
_aOnline Resource
504 _aIncludes bibliographical references.
546 _aText in English
650 1 4 _aUnited Nations
_2qrmak
650 1 4 _aPublic international law
_2qrmak
651 1 _2qrmak
856 4 0 _uhttps://fll.law.cu.edu.eg/fulltext/bks/B11-07063.pdf
905 _a48
942 _2ddc
_n0
_cBK
_e21
999 _c60592
_d60592